[Event "CRO-chT U16"]
[Site "Nasice"]
[Date "2017.12.29"]
[Round "5"]
[White "Mazuran, Leopold"]
[Black "Veverec, Ivo"]
[Result "1/2-1/2"]
[WhiteElo "1296"]
[BlackElo "1696"]
[PlyCount "103"]
[EventDate "2017.12.27"]
[EventType "team-tourn"]
[EventRounds "7"]
[EventCountry "CRO"]
[SourceTitle "EXT 2019"]
[Source "ChessBase"]
[SourceDate "2018.10.10"]
[SourceVersion "1"]
[SourceVersionDate "2018.10.10"]
[SourceQuality "1"]

1. e4 c5 2. Nf3 d6 3. d4 cxd4 4. Nxd4 Nf6 5. Nc3 g6 6. Be3 Bg7 7. Be2 Bd7 8. Qd2 0-0 9. 0-0-0 Nc6 10. Nxc6 bxc6 11. f3 Qc7 12. g4 Rab8 13. h4 Qb7 14. b3 Qb4 15. e5 dxe5 16. Nb1 Qxd2+ 17. Rxd2 Rb7 18. Nc3 Be6 19. Rhd1 Nd5 20. Nxd5 cxd5 21. Kb1 a5 22. a4 d4 23. Bf2 Rc7 24. Bg3 Rc3 25. Rd3 Rfc8 26. Rxc3 Rxc3 27. Rd3 Rc5 28. Be1 f5 29. b4 axb4 30. Bxb4 Rc7 31. Kc1 fxg4 32. fxg4 e4 33. Ra3 d3 34. Bd1 dxc2 35. Bxc2 Bxg4 36. Bd2 Bf5 37. Be3 Rc3 38. Rxc3 Bxc3 39. Kd1 Ba5 40. Ke2 Kf7 41. Bd2 Bxd2 42. Kxd2 Ke6 43. Ke3 Kd6 44. Bxe4 Bxe4 45. Kxe4 h6 46. a5 g5 47. hxg5 hxg5 48. a6 Kc6 49. Kf5 Kb6 50. Kxg5 Kxa6 51. Kf5 Kb6 52. Ke6 1/2-1/2